|
|
|
|
| LEADER |
00000nam0a2200000 4500 |
| 001 |
252024 |
| 005 |
20231101232718.0 |
| 035 |
|
|
|a (RuTPU)RU\TPU\book\274341
|
| 090 |
|
|
|a 252024
|
| 100 |
|
|
|a 20140226d1969 m y0rusy50 ca
|
| 101 |
1 |
|
|a rus
|c gre
|
| 102 |
|
|
|a RU
|
| 105 |
|
|
|a a z 001ay
|
| 200 |
1 |
|
|a Закопченное небо
|e роман
|e пер. с греч.
|f К. Кодзяс
|g под ред. Е. Костровой ; авт. предисл. С. С. Смирнов ; пер. Н. Подземская
|
| 210 |
|
|
|a Москва
|c Прогресс
|d 1969
|
| 215 |
|
|
|a 285 с.
|c ил.
|
| 320 |
|
|
|a Вступительная статья: с. 5-10
|
| 606 |
1 |
|
|a Греческая литература
|2 stltpush
|3 (RuTPU)RU\TPU\subj\8636
|9 36008
|
| 610 |
1 |
|
|a художественная литература
|
| 610 |
1 |
|
|a романы
|
| 610 |
1 |
|
|a независимость
|
| 610 |
1 |
|
|a борьба за независимость
|
| 610 |
1 |
|
|a Греция
|
| 675 |
|
|
|a 875
|v 3
|
| 700 |
|
1 |
|a Кодзяс
|b К.
|g Костас
|
| 702 |
|
1 |
|a Кострова
|b Е.
|4 340
|
| 702 |
|
1 |
|a Смирнов
|b С. С.
|4 080
|
| 702 |
|
1 |
|a Подземская
|b Н.
|4 730
|
| 801 |
|
1 |
|a RU
|b 63413507
|c 20140226
|
| 801 |
|
2 |
|a RU
|b 63413507
|c 20210930
|g RCR
|
| 942 |
|
|
|c BK
|